Statistiken für Größte deutsche Städte nach Buchstaben - B

Klicken Sie hier um das Quiz zu spielen!

Allgemein

  • Dieses Quiz wurde 812 mal gespielt
  • Das Durchschnittsergebnis liegt bei 11 aus 20

Antwortstatistiken

LandEinwohnerStadt% Korrekt
-3.664.088Berlin
100%
-566.573Bremen
98%
NRW364.454Bochum
86%
NRW333.509Bielefeld
85%
NRW330.579Bonn
85%
-113.557Bremerhaven
84%
Niedersachsen248.561Braunschweig
74%
Brandenburg72.040Brandenburg an der Havel
73%
Bayern76.674Bamberg
67%
Bayern74.048Bayreuth
61%
NRW117.388Bottrop
58%
Baden-Württemberg55.449Baden-Baden
54%
NRW111.636Bergisch Gladbach
42%
Baden-Württemberg50.121Böblingen
36%
NRW71.061Bocholt
34%
Hessen54.092Bad Homburg von der Höhe
19%
Rheinland-Pfalz51.310Bad Kreuznach
19%
NRW61.749Bergheim
15%
NRW54.166Bad Salzuflen
11%
NRW48.919Bergkamen
9%

Verteilung der Resultate

Perzentil nach korrekt beantworteten Fragen

Anzahl Personen mit jedem Resultat

Ihre Resultats-Entwicklung

Sie haben dieses Quiz noch nicht gespielt